Statistics for All Lufthansa Destinations (2024)

Click here to take the quiz!

General Stats

  • This quiz has been taken 875 times
    (122 since last reset)
  • The average score is 149 of 213

Answer Stats

CountryDestination% Correct
AustriaVienna
96%
BelgiumBrussels
95%
AlbaniaTirana
95%
South AfricaCape Town
93%
ArgentinaBuenos Aires
92%
South AfricaJohannesburg
92%
BrazilRio de Janeiro
92%
CanadaToronto
92%
GreeceAthens
91%
SpainBarcelona
91%
HungaryBudapest
91%
IrelandDublin
91%
GermanyFrankfurt
91%
CanadaMontreal
91%
GermanyMunich
91%
IcelandReykjavik
91%
BrazilSao Paulo
91%
BulgariaSofia
91%
IsraelTel Aviv
91%
NetherlandsAmsterdam
90%
AzerbaijanBaku
90%
GermanyBerlin
90%
ColombiaBogota
90%
EgyptCairo
90%
DenmarkCopenhagen
90%
United Arab EmiratesDubai
90%
FinlandHelsinki
90%
Hong KongHong Kong
90%
United KingdomLondon (City)
90%
United KingdomLondon (Heathrow)
90%
IndiaMumbai
90%
IndiaNew Delhi
90%
NorwayOslo
90%
LatviaRiga
90%
CanadaVancouver
90%
PolandWarsaw
90%
SwitzerlandZurich
90%
AlgeriaAlgiers
89%
ChinaBeijing
89%
PortugalLisbon
89%
SpainMadrid
89%
FranceParis (CDG)
89%
ItalyRome
89%
Bosnia and HerzegovinaSarajevo
89%
ChinaShanghai
89%
SingaporeSingapore
89%
SwedenStockholm
89%
EstoniaTallinn
89%
LithuaniaVilnius
89%
CroatiaZagreb
89%
ThailandBangkok
88%
GermanyHamburg
88%
LuxembourgLuxembourg
88%
MexicoMexico City
88%
ItalyMilan (Linate)
88%
ItalyMilan (Malpensa)
88%
PortugalPorto
88%
RomaniaBucharest
87%
United StatesNew York (JFK)
87%
JapanOsaka
87%
CzechiaPrague
87%
South KoreaSeoul
87%
IranTehran
87%
JordanAmman
86%
SerbiaBelgrade
86%
United StatesBoston
86%
United KingdomEdinburgh
86%
SwitzerlandGeneva
86%
KuwaitKuwait City
86%
NigeriaLagos
86%
United KingdomManchester
86%
KenyaNairobi
86%
TunisiaTunis
86%
United KingdomGlasgow
85%
AngolaLuanda
85%
United StatesMiami
85%
Saudi ArabiaRiyadh
85%
CroatiaSplit
85%
ArmeniaYerevan
85%
United StatesChicago (O'Hare)
84%
GermanyDusseldorf
84%
United StatesLos Angeles
84%
FranceMarseille
84%
ItalyNaples
84%
United StatesSan Francisco
84%
SpainSeville
84%
SpainValencia
84%
BahrainBahrain
82%
United KingdomBirmingham
82%
FranceLyon
82%
ItalyVenice
82%
KazakhstanAstana
81%
LebanonBeirut
81%
IrelandCork
81%
SwedenGothenburg
81%
FranceNice
81%
Costa RicaSan Jose
81%
United StatesSeattle
81%
GeorgiaTbilisi
81%
United StatesWashington (Dulles)
81%
MoroccoCasablanca
80%
United StatesDallas
80%
United StatesHouston
80%
PolandKrakow
80%
GermanyCologne/Bonn
79%
SloveniaLjubljana
79%
North MacedoniaSkopje
79%
SpainAlicante
78%
FranceBordeaux
78%
AustriaSalzburg
78%
NorwayBergen
77%
CroatiaDubrovnik
77%
GermanyStuttgart
77%
GreeceThessaloniki
77%
FranceToulouse
77%
United StatesDenver
76%
MaltaMalta
76%
SwitzerlandBasel / Mulhouse / Frieburg
75%
PolandGdansk
75%
United StatesAtlanta
74%
MoroccoMarrakech
74%
SpainPalma de Mallorca
74%
GermanyLeipzig
73%
SpainMalaga
73%
ItalyPalermo
73%
IndiaBangalore
71%
SpainBilbao
71%
United StatesSan Diego
71%
NigeriaAbuja
70%
SpainIbiza
70%
AustriaGraz
69%
United KingdomLiverpool
69%
United StatesNewark
69%
GermanyHanover
68%
IndiaChennai
67%
United StatesDetroit
67%
GermanyDresden
67%
FranceStrasbourg
67%
GermanyNuremburg
66%
GermanyBremen
65%
ItalyGenoa
65%
FranceNantes
65%
KazakhstanAlmaty
64%
GreeceRhodes
64%
PolandWroclaw
64%
ItalyBologna
63%
SpainGran Canaria (Las Palmas)
63%
GreeceHeraklion
63%
United KingdomNewcastle
63%
United StatesAustin
60%
PortugalFaro
60%
IndiaHyderabad
60%
ItalyCatania
59%
United StatesCharlotte
59%
DenmarkBillund
57%
RomaniaCluj-Napoca
57%
PolandKatowice
57%
United StatesMinneapolis
57%
GreeceCorfu
56%
PortugalFunchal
56%
JapanNagoya
56%
NorwayTromso
56%
CyprusLarnaca
55%
NorwayStavanger
55%
United KingdomBristol
54%
ItalyCagliari
54%
GreeceMykonos
54%
PolandPoznan
53%
CyprusPaphos
51%
Saudi ArabiaDammam
49%
JapanTokyo (Haneda)
49%
SpainLanzarote
48%
CroatiaRijeka
47%
Equatorial GuineaMalabo
46%
CroatiaZadar
45%
HungaryDebrecen
43%
PortugalPonta Delgada
43%
TurkeyBodrum
42%
SpainFuerteventura
42%
CroatiaPula
42%
United StatesRaleigh/Durham
42%
FranceRennes
41%
SpainSantiago de Compostela
41%
United StatesSt. Louis
40%
GermanyMunster / Osnabruck
38%
NigeriaPort Harcourt
38%
RomaniaTimisoara
38%
ItalyOlbia
37%
FinlandOulu
37%
United KingdomLondon (Gatwick)
36%
FranceBastia
34%
MontenegroTivat
33%
GermanyFriedrichshafen
30%
FinlandKittila
30%
United KingdomLondon (Stansted)
30%
SpainTenerife (South)
30%
ItalyTrieste
30%
ItalyAncona
29%
SpainJerez de la Frontera
29%
GermanyPaderborn
27%
ItalyLamezia Terme
26%
ChinaShenyang
25%
RomaniaSibiu
25%
GermanyWesterland / Sylt
25%
FranceBiarritz
23%
PolandRzeszow
22%
United KingdomBelfast (City)
21%
SpainAsturias
20%
TurkeyIstanbul (IST)
20%
United KingdomJersey
20%
FinlandIvalo
19%
GermanyHeringsdorf
18%
FinlandKuusamo
16%

Score Distribution

Percentile by Number Answered

Percent of People with Each Score

Your Score History

You have not taken this quiz since the last reset